1009 1856 1105 1105 1053 1059 1858 1627 1549 1087 1774 1229 1713 1235 1034 1518 1401 1339 1180 1539 1536 1162 1287 1890 1697 1933 1392 1399 1004 1389 1040 1082 1281 1949 1868 1696 1085 1796 1647 1208 1663 1815 1303 1160 1848 1346 1458 1329 1851 1200 1766 1121 1755 1224 1604 1746 1574 1322 1774 1185 1033 1508 1962 1229 1115 1531 1327 1733 1570 1483 1389 1440 1789 1841 1245 1182 1559 1770 1529 1332 1430 1526 1515 1839 1214 1258 1551 1567 1461 1903 1435 1985 1776 1514 1754 1949 1710 1941 1733 BCNSPRNW ULIB Ver.6.0+V

เปลี่ยนเป็นภาษาไทย

Change to English
 แสดงรายละเอียดบรรณานุกรม
  กลับหน้าหลัก

Brief Record : Get Marc (ISO 2709) : E-mail record : QR code < ปิดหน้าต่าง
LEADER : 00000nam 2200000uu 4500
001    13399126857
003     ULIB
008    190612s2561||||th 000 0 tha d
020    ^a9786164744011
050    ^aHI^bพ892พ
100    ^aเพ็ญพักตร์ อุทิศ
245    ^aพลังต้านยาเสพติด แนวคิดและข้อมูลหลักฐานเชิงประจักษ์/^cเพ็ญพักตร์ อุทิศ
250    ^aพิมพ์ครั้งที่ 1
260    ^aกรุงเทพฯ :^bบริษัท สุขุมวิทการพิมพ์ จำกัด,^c2561
300    ^a180 หน้า;^c19 ซม.
650    ^aสังคมวิทยา
650    ^aยาเสพติด
945    ^p0^l0^i27384
945    ^p0^l0^i27383
945    ^p0^l0^i27382
999    ^aกัณชพร จุลอักษร
รายการนี้ยังไม่มีแท็ก
คุณยังไม่ได้ล็อกอิน คุณสามารถมีกิจกรรมร่วมกับเว็บไซต์ได้ แต่ต้องล็อกอินก่อน ::
  ล็อกอิน

รายการสื่อสารสนเทศ

ลำดับที่ ประเภท เลขเรียก/บาร์โค้ด สถานที่ สถานะ
1. หนังสือสำรอง
หนังสือสำรอง
HI พ892พ ฉ.1 
  Barcode: 27382
ห้องสมุดวิทยาเขตนครสวรรค์
►หนังสือทั่วไป:l:General Books
บนชั้น
2. วิทยาศาสตร์การแพทย์ และสุขภาพ
วิทยาศาสตร์การแพทย์ และสุขภาพ
HI พ892พ ฉ.2 
  Barcode: 27383
ห้องสมุดวิทยาเขตนครสวรรค์
►หนังสือทั่วไป:l:General Books
บนชั้น
3. วิทยาศาสตร์การแพทย์ และสุขภาพ
วิทยาศาสตร์การแพทย์ และสุขภาพ
HI พ892พ ฉ.3 
  Barcode: 27384
ห้องสมุดวิทยาเขตนครสวรรค์
►หนังสือทั่วไป:l:General Books
บนชั้น

รายการใกล้เคียง
    ผู้แต่ง [เพ็ญพักตร์ อุทิศ]

    หัวเรื่อง [สังคมวิทยา]
    หัวเรื่อง [ยาเสพติด]

BibComment


ยังไม่เคยถูกคอมเมนท์

คอมเมนท์ทรัพยากรรายการนี้
  คอมเมนท์: พลังต้านยาเสพติด..


 Copyright 2026. Bcnsprnw @Library